| 000 | 01057nam a2200241 4500 | ||
|---|---|---|---|
| 001 | 124123 | ||
| 003 | ES-MaACL | ||
| 005 | 20230906192328.0 | ||
| 007 | t| | ||
| 008 | 070214s1974 sp r ||||1| spa d | ||
| 245 | 0 | 0 |
_aSituación actual y perspectivas de desarrollo de Andalucía occidental / _cdirector José Manuel Raposo Santos. |
| 260 |
_aMadrid : _bConfederación Española de Cajas de Ahorros, _c1974. |
||
| 300 |
_a4 v. ; _c25 cm. |
||
| 505 | 8 | _aContiene: Tomo I. Infraestructuras y recursos. Tomo II. Análisis de los sectores productivos. Tomo III. Análisis sociológico. Tomo IV. Panorama regional y líneas de actuación futura | |
| 700 | 1 |
_aRaposo Santos, José Manuel. _995466 |
|
| 710 | 2 |
_aConfederación Española de Cajas de Ahorros. _93148 |
|
| 740 | 0 | _aInfraestructuras y recursos. | |
| 740 | 0 | _aAnálisis de los sectores productivos. | |
| 740 | 0 | _aAnálisis sociológico. | |
| 740 | 0 | _aPanorama regional y líneas de actuación futura. | |
| 852 |
_aES-MaACL _jL-3557-60 _bR.90426 |
||
| 852 |
_aES-MaACL _jL-3549-52 _bR.91303 |
||
| 999 |
_c124123 _d124123 |
||